Statystyki dla TOP 50 filmów według IMDb

Kliknij tutaj aby rozwiązać quiz!

Ogólne statystyki

  • Ten quiz został rozwiązany 117 razy
  • Średni wynik to 13 z 50

Statystyki odpowiedzi

Miejsce, ocena, rok, stosunek nominacji do zdobytych oscarówTytuł filmu% Poprawnych
1. Ocena 9,2 (1994) 7/0Skazani na Shawshank
76%
2. Ocena 9,1 (1972) 11/3Ojciec Chrzestny
70%
29. Ocena 8,5 (1999) 4/0Zielona Mila
66%
12. Ocena 8,8 (1994) 13/6Forrest Gump
64%
3. Ocena 9,0 (1974) 11/6Ojciec Chrzestny II
54%
8. Ocena 8,8 (1994) 7/1Pulp Fiction
52%
13. Ocena 8,7 (2010) 8/4Incepcja
44%
43. Ocena 8,5 (2011) 0/0Nietykalni
44%
7. Ocena 8,9 (2003) 10/10Władca Pierścieni: Powrót Króla
44%
15. Ocena 8,7 (2002) 6/2Władca Pierścieni: Dwie Wieże
43%
5. Ocena 8,9 (1957) 3/012 gniewnych ludzi
40%
18. Ocena 8,6 (1975) 9/5Lot nad Kukułczym Gniazdem
40%
27. Ocena 8,5 (1998) 11/5Szeregowiec Ryan
40%
4. Ocena 9,0 (2008) 8/2Mroczny Rycerz
39%
49. Ocena 8,4 (2019) 11/2Joker
37%
23. Ocena 8,6 (1991) 7/5Milczenie Owiec
36%
20. Ocena 8,6 (1995) 1/0Siedem
35%
10. Ocena 8,8 (2001) 13/4Władca Pierścieni: Drużyna Pierścienia
35%
11. Ocena 8,8 (1999) 1/0Podziemny Krąg
33%
6. Ocena 8,9 (1993) 12/7Lista Schindlera
30%
41. Ocena 8,5 (2000) 12/5Gladiator
28%
37. Ocena 8,5 (2002) 7/3Pianista
28%
26. Ocena 8,6 (2019) 6/4Parasite
27%
17. Ocena 8,6 (1990) 6/1Chłopcy z Ferajny
24%
40. Ocena 8,5 (1960) 4/0Psychoza
24%
30. Ocena 8,5 (2014) 5/1Interstellar
20%
31. Ocena 8,5 (1994) 7/0Leon Zawodowiec
20%
44. Ocena 8,5 (2006) 5/4Infiltracja
18%
34. Ocena 8,5 (1994) 4/2Król Lew
18%
22. Ocena 8,6 (1997) 7/3Życie jest piękne
18%
9. Ocena 8,8 (1966) 0/0Dobry, zły i brzydki
17%
50. Ocena 8,4 (1942) 8/3Casablanca
13%
16. Ocena 8,6 (1999) 4/4Matrix
13%
45. Ocena 8,5 (2014) 5/3Whiplash
11%
46. Ocena 8,5 (2006) 2/0Prestiż
8%
28. Ocena 8,5 (2001) 1/1Spirited Away
8%
35. Ocena 8,5 (1998) 1/0Więzień Nienawiści
8%
14. Ocena 8,7 (1980) 3/1Gwiezdne Wojny: Część V - Imperium Kontratakuje
6%
21. Ocena 8,6 (2002) 4/0Miasto Boga
4%
32. Ocena 8,5 (1995) 2/2Podejrzani
4%
42. Ocena 8,5 (1931) 0/0Światła Wielkiego Miasta
4%
25. Ocena 8,6 (1977) 10/6Gwiezdne Wojny: Część IV - nowa nadzieja
3%
47. Ocena 8,5 (1968) 0/0Pewnego razu na dzikim zachodzie
3%
19. Ocena 8,6 (1954) 2/0Siedmiu Samurajów
3%
24. Ocena 8,6 (1946) 5/0To Wspaniałe Życie
3%
39. Ocena 8,5 (1936) 0/0Dzisiejsze czasy
2%
48. Ocena 8,4 (1988) 0/0Grobowiec Świetlików
2%
33. Ocena 8,5 (1962) 0/0Harakiri
2%
38. Ocena 8,5 (1985) 4/1Powrót do przyszłości
2%
36. Ocena 8,5 (1991) 6/4Terminator 2: Dzień Sądu
2%

Rozkład punktacji

Percentyl według liczby udzielonych odpowiedzi

Procent ludzi z każdym wynikiem

Twoja historia wyników

Nie rozwiązałeś tego quizu